Analýza finančnej situácie podniku Bytservis - UM, spol. s.r.o. za roky 2004-2006 diplomová práca

Salvato in:
Dettagli Bibliografici
Autore principale: Duru, Eva
Ente Autore: Fakulta podnikového manažmentu EU. Katedra podnikových financií
Altri autori: Bešinová, Zuzana
Natura: Libro
Lingua:slovacco
Pubblicazione: Bratislava 2008
Tags: Aggiungi Tag
Nessun Tag, puoi essere il primo ad aggiungerne!!

MARC

LEADER 00000nam$a2200000$$$4500
001 0088678
005 20240201114744.0
041 0 |a slo 
044 |a SK 
245 1 0 |a Analýza finančnej situácie podniku Bytservis - UM, spol. s.r.o. za roky 2004-2006  |b diplomová práca  |c Eva Duru ; škol. Zuzana Bešinová 
264 1 |a Bratislava  |c 2008 
300 |a 56 s. 
100 1 |a Duru, Eva 
700 1 |a Bešinová, Zuzana 
710 2 |a Fakulta podnikového manažmentu EU. Katedra podnikových financií